000 00945nmm a2200277 a 4500
001 ocm000924464
003 TR-IsHL
005 20201028145209.0
008 150110s2013 tu tur
007 cr cn
020 _a9786055904685
035 _a924464
_b(N$T)
050 0 4 _aPQ8098.36.A43
_bE94 2013
090 0 4 _aPQ8098.36.A43
_bE94 2013
100 1 _aZambra, Alejandro
245 1 0 _aEve dönmenin yolları
_h[electronic resource] /
_cAlejandro Zambra ; İspanyolacadan çeviren Çiğdem Öztürk
260 _aİstanbul :
_bNotos Kitap Yayınevi,
_c2013
300 _a145 p. ;
_c19 cm.
650 4 _aDil ve Edebiyat
650 4 _aLanguage and Literature
650 0 _aŞili romanı
650 0 _aChilean fiction
650 7 _aLITERARY COLLECTIONS / Caribbean & Latin American
_2bisacsh
700 1 _aÖztürk, Çiğdem
856 4 0 _uhttp://search.ebscohost.com/login.aspx?direct=true&scope=site&db=e011xww&AN=924464
999 _c9831
_d9831